<?xml version="1.0" encoding="UTF-8"?>
<marc:record xmlns:marc="http://www.loc.gov/MARC21/slim" type="Bibliographic">
   <marc:leader>00000pam a2200000 c 4500</marc:leader>
   <marc:controlfield tag="001">986557447</marc:controlfield>
   <marc:controlfield tag="003">DE-101</marc:controlfield>
   <marc:controlfield tag="005">20171202051623.0</marc:controlfield>
   <marc:controlfield tag="007">tu</marc:controlfield>
   <marc:controlfield tag="008">071127s2009    gw ||||| |||| 00||||ger  </marc:controlfield>
   <marc:datafield ind1=" " ind2=" " tag="015">
      <marc:subfield code="a">09,A30,0202</marc:subfield>
      <marc:subfield code="z">07,N51,0203</marc:subfield>
      <marc:subfield code="2">dnb</marc:subfield>
   </marc:datafield>
   <marc:datafield ind1="7" ind2=" " tag="016">
      <marc:subfield code="2">DE-101</marc:subfield>
      <marc:subfield code="a">986557447</marc:subfield>
   </marc:datafield>
   <marc:datafield ind1=" " ind2=" " tag="020">
      <marc:subfield code="a">9783451293856</marc:subfield>
      <marc:subfield code="c">Pp. : EUR 39.95</marc:subfield>
      <marc:subfield code="9">978-3-451-29385-6</marc:subfield>
   </marc:datafield>
   <marc:datafield ind1="3" ind2=" " tag="024">
      <marc:subfield code="a">9783451293856</marc:subfield>
   </marc:datafield>
   <marc:datafield ind1=" " ind2=" " tag="035">
      <marc:subfield code="a">(DE-599)DNB986557447</marc:subfield>
   </marc:datafield>
   <marc:datafield ind1=" " ind2=" " tag="035">
      <marc:subfield code="a">(OCoLC)426143401</marc:subfield>
   </marc:datafield>
   <marc:datafield ind1=" " ind2=" " tag="040">
      <marc:subfield code="a">1245</marc:subfield>
      <marc:subfield code="b">ger</marc:subfield>
      <marc:subfield code="c">DE-101</marc:subfield>
      <marc:subfield code="d">9999</marc:subfield>
   </marc:datafield>
   <marc:datafield ind1=" " ind2=" " tag="041">
      <marc:subfield code="a">ger</marc:subfield>
      <marc:subfield code="h">fre</marc:subfield>
   </marc:datafield>
   <marc:datafield ind1=" " ind2=" " tag="044">
      <marc:subfield code="c">XA-DE-BW</marc:subfield>
      <marc:subfield code="c">XA-CH</marc:subfield>
      <marc:subfield code="c">XA-AT</marc:subfield>
   </marc:datafield>
   <marc:datafield ind1="0" ind2="4" tag="082">
      <marc:subfield code="8">1\u</marc:subfield>
      <marc:subfield code="a">201.7</marc:subfield>
      <marc:subfield code="q">DE-101</marc:subfield>
      <marc:subfield code="2">22/ger</marc:subfield>
   </marc:datafield>
   <marc:datafield ind1="7" ind2=" " tag="083">
      <marc:subfield code="a">200</marc:subfield>
      <marc:subfield code="a">300</marc:subfield>
      <marc:subfield code="a">100</marc:subfield>
      <marc:subfield code="q">DE-101</marc:subfield>
      <marc:subfield code="2">22sdnb</marc:subfield>
   </marc:datafield>
   <marc:datafield ind1=" " ind2=" " tag="085">
      <marc:subfield code="8">1\u</marc:subfield>
      <marc:subfield code="b">201.7</marc:subfield>
   </marc:datafield>
   <marc:datafield ind1=" " ind2=" " tag="090">
      <marc:subfield code="a">b</marc:subfield>
   </marc:datafield>
   <marc:datafield ind1="1" ind2=" " tag="100">
      <marc:subfield code="0">(DE-588)118539507</marc:subfield>
      <marc:subfield code="0">http://d-nb.info/gnd/118539507</marc:subfield>
      <marc:subfield code="0">(DE-101)118539507</marc:subfield>
      <marc:subfield code="a">Girard, René</marc:subfield>
      <marc:subfield code="d">1923-2015</marc:subfield>
      <marc:subfield code="e">Verfasser</marc:subfield>
      <marc:subfield code="4">aut</marc:subfield>
   </marc:datafield>
   <marc:datafield ind1="0" ind2="0" tag="245">
      <marc:subfield code="a">&#x98;Das&#x9c; Ende der Gewalt</marc:subfield>
      <marc:subfield code="b">Analyse des Menschheitsverhängnisses ; Erkundungen zu Mimesis und Gewalt mit Jean-Michel Oughourlian und Guy Lefort</marc:subfield>
      <marc:subfield code="c">René Girard. Mit einer Einf. von Ralf Miggelbrink. Vollst. Neuübers. aus dem Franz. von Elisabeth Mainberger-Ruh</marc:subfield>
   </marc:datafield>
   <marc:datafield ind1=" " ind2=" " tag="250">
      <marc:subfield code="a">Ungekürzte Neuausg.</marc:subfield>
   </marc:datafield>
   <marc:datafield ind1=" " ind2=" " tag="259">
      <marc:subfield code="a">unn</marc:subfield>
   </marc:datafield>
   <marc:datafield ind1=" " ind2="1" tag="264">
      <marc:subfield code="a">Freiburg, Br.</marc:subfield>
      <marc:subfield code="a">Basel</marc:subfield>
      <marc:subfield code="a">Wien</marc:subfield>
      <marc:subfield code="b">Herder</marc:subfield>
      <marc:subfield code="c">2009</marc:subfield>
   </marc:datafield>
   <marc:datafield ind1=" " ind2=" " tag="300">
      <marc:subfield code="a">519 S.</marc:subfield>
      <marc:subfield code="c">24 cm</marc:subfield>
   </marc:datafield>
   <marc:datafield ind1=" " ind2=" " tag="336">
      <marc:subfield code="a">Text</marc:subfield>
      <marc:subfield code="b">txt</marc:subfield>
      <marc:subfield code="2">rdacontent</marc:subfield>
   </marc:datafield>
   <marc:datafield ind1=" " ind2=" " tag="337">
      <marc:subfield code="a">ohne Hilfsmittel zu benutzen</marc:subfield>
      <marc:subfield code="b">n</marc:subfield>
      <marc:subfield code="2">rdamedia</marc:subfield>
   </marc:datafield>
   <marc:datafield ind1=" " ind2=" " tag="338">
      <marc:subfield code="a">Band</marc:subfield>
      <marc:subfield code="b">nc</marc:subfield>
      <marc:subfield code="2">rdacarrier</marc:subfield>
   </marc:datafield>
   <marc:datafield ind1=" " ind2=" " tag="500">
      <marc:subfield code="a">Literaturverz. S. 501 - 510</marc:subfield>
   </marc:datafield>
   <marc:datafield ind1="0" ind2="7" tag="630">
      <marc:subfield code="0">(DE-588)1059654814</marc:subfield>
      <marc:subfield code="0">http://d-nb.info/gnd/1059654814</marc:subfield>
      <marc:subfield code="0">(DE-101)1059654814</marc:subfield>
      <marc:subfield code="a">Tod Jesu</marc:subfield>
      <marc:subfield code="2">gnd</marc:subfield>
   </marc:datafield>
   <marc:datafield ind1="0" ind2="7" tag="630">
      <marc:subfield code="0">(DE-588)4041771-2</marc:subfield>
      <marc:subfield code="0">http://d-nb.info/gnd/4041771-2</marc:subfield>
      <marc:subfield code="0">(DE-101)040417719</marc:subfield>
      <marc:subfield code="a">Bibel</marc:subfield>
      <marc:subfield code="p">Neues Testament</marc:subfield>
      <marc:subfield code="2">gnd</marc:subfield>
   </marc:datafield>
   <marc:datafield ind1=" " ind2="7" tag="650">
      <marc:subfield code="0">(DE-588)4137524-5</marc:subfield>
      <marc:subfield code="0">http://d-nb.info/gnd/4137524-5</marc:subfield>
      <marc:subfield code="0">(DE-101)041375246</marc:subfield>
      <marc:subfield code="a">Opfer</marc:subfield>
      <marc:subfield code="2">gnd</marc:subfield>
   </marc:datafield>
   <marc:datafield ind1=" " ind2="7" tag="650">
      <marc:subfield code="0">(DE-588)4075159-4</marc:subfield>
      <marc:subfield code="0">http://d-nb.info/gnd/4075159-4</marc:subfield>
      <marc:subfield code="0">(DE-101)040751597</marc:subfield>
      <marc:subfield code="a">Mythos</marc:subfield>
      <marc:subfield code="2">gnd</marc:subfield>
   </marc:datafield>
   <marc:datafield ind1=" " ind2="7" tag="650">
      <marc:subfield code="0">(DE-588)4020832-1</marc:subfield>
      <marc:subfield code="0">http://d-nb.info/gnd/4020832-1</marc:subfield>
      <marc:subfield code="0">(DE-101)04020832X</marc:subfield>
      <marc:subfield code="a">Gewalt</marc:subfield>
      <marc:subfield code="2">gnd</marc:subfield>
   </marc:datafield>
   <marc:datafield ind1=" " ind2="7" tag="650">
      <marc:subfield code="0">(DE-588)4133903-4</marc:subfield>
      <marc:subfield code="0">http://d-nb.info/gnd/4133903-4</marc:subfield>
      <marc:subfield code="0">(DE-101)041339037</marc:subfield>
      <marc:subfield code="a">Kulturanthropologie</marc:subfield>
      <marc:subfield code="2">gnd</marc:subfield>
   </marc:datafield>
   <marc:datafield ind1=" " ind2="7" tag="650">
      <marc:subfield code="0">(DE-588)4047689-3</marc:subfield>
      <marc:subfield code="0">http://d-nb.info/gnd/4047689-3</marc:subfield>
      <marc:subfield code="0">(DE-101)040476898</marc:subfield>
      <marc:subfield code="a">Psychoanalyse</marc:subfield>
      <marc:subfield code="2">gnd</marc:subfield>
   </marc:datafield>
   <marc:datafield ind1=" " ind2="7" tag="650">
      <marc:subfield code="0">(DE-588)4059758-1</marc:subfield>
      <marc:subfield code="0">http://d-nb.info/gnd/4059758-1</marc:subfield>
      <marc:subfield code="0">(DE-101)04059758X</marc:subfield>
      <marc:subfield code="a">Theologie</marc:subfield>
      <marc:subfield code="2">gnd</marc:subfield>
   </marc:datafield>
   <marc:datafield ind1=" " ind2="7" tag="650">
      <marc:subfield code="0">(DE-588)4125221-4</marc:subfield>
      <marc:subfield code="0">http://d-nb.info/gnd/4125221-4</marc:subfield>
      <marc:subfield code="0">(DE-101)041252217</marc:subfield>
      <marc:subfield code="a">Opfertod</marc:subfield>
      <marc:subfield code="2">gnd</marc:subfield>
   </marc:datafield>
   <marc:datafield ind1=" " ind2="7" tag="650">
      <marc:subfield code="0">(DE-588)4144301-9</marc:subfield>
      <marc:subfield code="0">http://d-nb.info/gnd/4144301-9</marc:subfield>
      <marc:subfield code="0">(DE-101)041443012</marc:subfield>
      <marc:subfield code="a">Begierde</marc:subfield>
      <marc:subfield code="2">gnd</marc:subfield>
   </marc:datafield>
   <marc:datafield ind1=" " ind2="7" tag="650">
      <marc:subfield code="0">(DE-588)4039392-6</marc:subfield>
      <marc:subfield code="0">http://d-nb.info/gnd/4039392-6</marc:subfield>
      <marc:subfield code="0">(DE-101)040393925</marc:subfield>
      <marc:subfield code="a">Mimesis</marc:subfield>
      <marc:subfield code="2">gnd</marc:subfield>
   </marc:datafield>
   <marc:datafield ind1=" " ind2="7" tag="650">
      <marc:subfield code="0">(DE-588)4116485-4</marc:subfield>
      <marc:subfield code="0">http://d-nb.info/gnd/4116485-4</marc:subfield>
      <marc:subfield code="0">(DE-101)041164857</marc:subfield>
      <marc:subfield code="a">Sexualverhalten</marc:subfield>
      <marc:subfield code="2">gnd</marc:subfield>
   </marc:datafield>
   <marc:datafield ind1=" " ind2=" " tag="653">
      <marc:subfield code="a">(VLB-PF)BB: Gebunden</marc:subfield>
   </marc:datafield>
   <marc:datafield ind1=" " ind2=" " tag="653">
      <marc:subfield code="a">(VLB-WN)2925: TB/Sachbücher/Philosophie, Religion/Religion/Allgemeines, Nachschlagewerke</marc:subfield>
   </marc:datafield>
   <marc:datafield ind1="0" ind2="0" tag="689">
      <marc:subfield code="0">(DE-588)4137524-5</marc:subfield>
      <marc:subfield code="0">http://d-nb.info/gnd/4137524-5</marc:subfield>
      <marc:subfield code="0">(DE-101)041375246</marc:subfield>
      <marc:subfield code="D">s</marc:subfield>
      <marc:subfield code="a">Opfer</marc:subfield>
   </marc:datafield>
   <marc:datafield ind1="0" ind2="1" tag="689">
      <marc:subfield code="0">(DE-588)4075159-4</marc:subfield>
      <marc:subfield code="0">http://d-nb.info/gnd/4075159-4</marc:subfield>
      <marc:subfield code="0">(DE-101)040751597</marc:subfield>
      <marc:subfield code="D">s</marc:subfield>
      <marc:subfield code="a">Mythos</marc:subfield>
   </marc:datafield>
   <marc:datafield ind1="0" ind2="2" tag="689">
      <marc:subfield code="0">(DE-588)4020832-1</marc:subfield>
      <marc:subfield code="0">http://d-nb.info/gnd/4020832-1</marc:subfield>
      <marc:subfield code="0">(DE-101)04020832X</marc:subfield>
      <marc:subfield code="D">s</marc:subfield>
      <marc:subfield code="a">Gewalt</marc:subfield>
   </marc:datafield>
   <marc:datafield ind1="0" ind2="3" tag="689">
      <marc:subfield code="0">(DE-588)4133903-4</marc:subfield>
      <marc:subfield code="0">http://d-nb.info/gnd/4133903-4</marc:subfield>
      <marc:subfield code="0">(DE-101)041339037</marc:subfield>
      <marc:subfield code="D">s</marc:subfield>
      <marc:subfield code="a">Kulturanthropologie</marc:subfield>
   </marc:datafield>
   <marc:datafield ind1="0" ind2="4" tag="689">
      <marc:subfield code="0">(DE-588)4047689-3</marc:subfield>
      <marc:subfield code="0">http://d-nb.info/gnd/4047689-3</marc:subfield>
      <marc:subfield code="0">(DE-101)040476898</marc:subfield>
      <marc:subfield code="D">s</marc:subfield>
      <marc:subfield code="a">Psychoanalyse</marc:subfield>
   </marc:datafield>
   <marc:datafield ind1="0" ind2=" " tag="689">
      <marc:subfield code="5">DE-101</marc:subfield>
      <marc:subfield code="5">DE-101</marc:subfield>
   </marc:datafield>
   <marc:datafield ind1="1" ind2="0" tag="689">
      <marc:subfield code="0">(DE-588)1059654814</marc:subfield>
      <marc:subfield code="0">http://d-nb.info/gnd/1059654814</marc:subfield>
      <marc:subfield code="0">(DE-101)1059654814</marc:subfield>
      <marc:subfield code="D">u</marc:subfield>
      <marc:subfield code="a">Tod Jesu</marc:subfield>
   </marc:datafield>
   <marc:datafield ind1="1" ind2="1" tag="689">
      <marc:subfield code="0">(DE-588)4041771-2</marc:subfield>
      <marc:subfield code="0">http://d-nb.info/gnd/4041771-2</marc:subfield>
      <marc:subfield code="0">(DE-101)040417719</marc:subfield>
      <marc:subfield code="D">u</marc:subfield>
      <marc:subfield code="a">Bibel</marc:subfield>
      <marc:subfield code="p">Neues Testament</marc:subfield>
   </marc:datafield>
   <marc:datafield ind1="1" ind2="2" tag="689">
      <marc:subfield code="0">(DE-588)4059758-1</marc:subfield>
      <marc:subfield code="0">http://d-nb.info/gnd/4059758-1</marc:subfield>
      <marc:subfield code="0">(DE-101)04059758X</marc:subfield>
      <marc:subfield code="D">s</marc:subfield>
      <marc:subfield code="a">Theologie</marc:subfield>
   </marc:datafield>
   <marc:datafield ind1="1" ind2="3" tag="689">
      <marc:subfield code="0">(DE-588)4125221-4</marc:subfield>
      <marc:subfield code="0">http://d-nb.info/gnd/4125221-4</marc:subfield>
      <marc:subfield code="0">(DE-101)041252217</marc:subfield>
      <marc:subfield code="D">s</marc:subfield>
      <marc:subfield code="a">Opfertod</marc:subfield>
   </marc:datafield>
   <marc:datafield ind1="1" ind2=" " tag="689">
      <marc:subfield code="5">DE-101</marc:subfield>
      <marc:subfield code="5">DE-101</marc:subfield>
   </marc:datafield>
   <marc:datafield ind1="2" ind2="0" tag="689">
      <marc:subfield code="0">(DE-588)4144301-9</marc:subfield>
      <marc:subfield code="0">http://d-nb.info/gnd/4144301-9</marc:subfield>
      <marc:subfield code="0">(DE-101)041443012</marc:subfield>
      <marc:subfield code="D">s</marc:subfield>
      <marc:subfield code="a">Begierde</marc:subfield>
   </marc:datafield>
   <marc:datafield ind1="2" ind2="1" tag="689">
      <marc:subfield code="0">(DE-588)4039392-6</marc:subfield>
      <marc:subfield code="0">http://d-nb.info/gnd/4039392-6</marc:subfield>
      <marc:subfield code="0">(DE-101)040393925</marc:subfield>
      <marc:subfield code="D">s</marc:subfield>
      <marc:subfield code="a">Mimesis</marc:subfield>
   </marc:datafield>
   <marc:datafield ind1="2" ind2="2" tag="689">
      <marc:subfield code="0">(DE-588)4116485-4</marc:subfield>
      <marc:subfield code="0">http://d-nb.info/gnd/4116485-4</marc:subfield>
      <marc:subfield code="0">(DE-101)041164857</marc:subfield>
      <marc:subfield code="D">s</marc:subfield>
      <marc:subfield code="a">Sexualverhalten</marc:subfield>
   </marc:datafield>
   <marc:datafield ind1="2" ind2=" " tag="689">
      <marc:subfield code="5">DE-101</marc:subfield>
      <marc:subfield code="5">DE-101</marc:subfield>
   </marc:datafield>
   <marc:datafield ind1="1" ind2=" " tag="700">
      <marc:subfield code="0">(DE-588)138589925</marc:subfield>
      <marc:subfield code="0">http://d-nb.info/gnd/138589925</marc:subfield>
      <marc:subfield code="0">(DE-101)138589925</marc:subfield>
      <marc:subfield code="a">Oughourlian, Jean-Michel</marc:subfield>
      <marc:subfield code="e">Verfasser</marc:subfield>
      <marc:subfield code="4">aut</marc:subfield>
   </marc:datafield>
   <marc:datafield ind1="1" ind2=" " tag="700">
      <marc:subfield code="0">(DE-588)138590028</marc:subfield>
      <marc:subfield code="0">http://d-nb.info/gnd/138590028</marc:subfield>
      <marc:subfield code="0">(DE-101)138590028</marc:subfield>
      <marc:subfield code="a">Lefort, Guy</marc:subfield>
      <marc:subfield code="e">Verfasser</marc:subfield>
      <marc:subfield code="4">aut</marc:subfield>
   </marc:datafield>
   <marc:datafield ind1="1" ind2="2" tag="700">
      <marc:subfield code="a">Girard, René</marc:subfield>
      <marc:subfield code="d">1923-2015</marc:subfield>
      <marc:subfield code="t">Des choses cachées depuis la fondation du monde</marc:subfield>
      <marc:subfield code="g">dt.</marc:subfield>
   </marc:datafield>
   <marc:datafield ind1=" " ind2=" " tag="850">
      <marc:subfield code="a">DE-101a</marc:subfield>
      <marc:subfield code="a">DE-101b</marc:subfield>
   </marc:datafield>
   <marc:datafield ind1="4" ind2="2" tag="856">
      <marc:subfield code="m">B:DE-101</marc:subfield>
      <marc:subfield code="q">application/pdf</marc:subfield>
      <marc:subfield code="u">http://d-nb.info/986557447/04</marc:subfield>
      <marc:subfield code="3">Inhaltsverzeichnis</marc:subfield>
   </marc:datafield>
   <marc:datafield ind1="r" ind2=" " tag="925">
      <marc:subfield code="a">ra</marc:subfield>
   </marc:datafield>
</marc:record>
